书目信息 |
| 题名: |
化工过程动态
|
|
| 作者: | 伍沅 编 | |
| 分册: | ||
| 出版信息: | 北京 化学工业出版社 1998.05 |
|
| 页数: | 256页 | |
| 开本: | 20cm | |
| 丛书名: | ||
| 单 册: | ||
| 中图分类: | TQ021 | |
| 科图分类: | ||
| 主题词: | 化工过程:物理过程 , 化工过程:物理化学过程 , 化工过程 | |
| 电子资源: | ||
| ISBN: | 7-5025-2042-2 | |
| 000 | 00593nam0 2200217 45 | |
| 001 | 0458589305 | |
| 005 | 2004042516162841 | |
| 010 | @a7-5025-2042-2@dCNY 12.00 | |
| 100 | @a20040425d1998 km y0chiy0120 ea | |
| 101 | 0 | @achi |
| 102 | @aCN@b110000 | |
| 200 | 1 | @a化工过程动态@AHua Gong Guo Cheng Dong Tai@f伍沅编@Fwu yuan bian |
| 210 | @a北京@c化学工业出版社@d1998.05 | |
| 215 | @a256页@d20cm | |
| 606 | 0 | @a化工过程:物理过程 |
| 606 | 0 | @a化工过程:物理化学过程 |
| 606 | 0 | @a化工过程 |
| 690 | @aTQ021@v3 | |
| 701 | 0 | @a伍沅@Awu yuan@4编 |
| 801 | 0 | @aCN@bPFT@c20040425 |
| 905 | @dTQ021@eW949 | |
| 化工过程动态/伍沅编.-北京:化学工业出版社,1998.05 |
| 256页;20cm |
| ISBN 7-5025-2042-2:CNY 12.00 |
| ● |
| 相关链接 |
|
|
|
正题名:化工过程动态
索取号:TQ021/W949
 
预约/预借
| 序号 | 登录号 | 条形码 | 馆藏地/架位号 | 状态 | 备注 |
| 1 | 390831 | 203908316 | 自科库501/501自科库 137排8列4层/ [索取号:TQ021/W949] | 在馆 | |
| 2 | 390832 | 203908325 | 自科库501/501自科库 137排8列4层/ [索取号:TQ021/W949] | 在馆 | |
| 3 | 390833 | 203908334 | 自科库501/501自科库 137排8列4层/ [索取号:TQ021/W949] | 在馆 |